000 nam a22 7a 4500
999 _c234900
_d234900
003 Nust
005 20170403102501.0
008 170403b xxu||||| |||| 00| 0 eng d
020 _a9788170355533
040 _cdlc
082 _a628.1 KAU
100 _4Kaul, S. N
245 _aTechnological Applications in Wastewater Engineering
260 _aNew Delhi
_bDaya Publishing House,
_c2009
300 _aix, 330p
_c25 cm
942 _2ddc
_cBK